[Event "DVM U20 2021"]
[Site "Kiel GER"]
[Date "2022.07.26"]
[Round "7"]
[White "Koll, Lukas"]
[Black "Engel, Luis"]
[Result "0-1"]
[Termination "normal"]
[Board "2.1"]
[BlackTitle "GM"]
[WhiteElo "2060"]
[BlackElo "2558"]
[WhiteClock "00:05:46"]
[BlackClock "00:46:25"]
[WhiteTeam "Karlsruher SF 1853"]
[BlackTeam "Hamburger SK von 1830 eV"]
[PlyCount "80"]
[WhiteFideId "12969737"]
[BlackFideId "12961523"]
[EventCountry "GER"]
[EventRounds "7"]
[EventType "team-swiss"]
[EventDate "2022.07.22"]

1. d4 {[%clk 01:30:57]} {[%emt 00:00:03]} Nf6 {[%clk 01:30:25]} {[%emt
00:00:35]} 2. Nf3 {[%clk 01:31:22]} {[%emt 00:00:05]} d5 {[%clk 01:30:45]}
{[%emt 00:00:10]} 3. c4 {[%clk 01:31:48]} {[%emt 00:00:05]} e6 {[%clk
01:31:11]} {[%emt 00:00:04]} 4. cxd5 {[%clk 01:32:16]} {[%emt 00:00:03]} exd5
{[%clk 01:31:33]} {[%emt 00:00:07]} 5. Qc2 {[%clk 01:32:25]} {[%emt 00:00:20]}
c6 {[%clk 01:28:54]} {[%emt 00:03:09]} 6. Bg5 {[%clk 01:32:10]} {[%emt
00:00:45]} h6 {[%clk 01:24:02]} {[%emt 00:05:23]} 7. Bh4 {[%clk 01:32:33]}
{[%emt 00:00:07]} Be7 {[%clk 01:24:26]} {[%emt 00:00:06]} 8. e3 {[%clk
01:32:55]} {[%emt 00:00:08]} Ne4 {[%clk 01:10:20]} {[%emt 00:14:35]} 9. Bxe7
{[%clk 01:31:12]} {[%emt 00:02:13]} Qxe7 {[%clk 01:10:45]} {[%emt 00:00:05]}
10. Bd3 {[%clk 01:30:28]} {[%emt 00:01:14]} Nd7 {[%clk 01:10:37]} {[%emt
00:00:39]} 11. Bxe4 {[%clk 01:24:29]} {[%emt 00:06:29]} dxe4 {[%clk 01:10:59]}
{[%emt 00:00:08]} 12. Nfd2 {[%clk 01:24:46]} {[%emt 00:00:13]} Nf6 {[%clk
01:09:07]} {[%emt 00:02:22]} 13. Qc5 {[%clk 01:20:09]} {[%emt 00:05:07]} Qxc5
{[%clk 01:02:54]} {[%emt 00:06:43]} 14. dxc5 {[%clk 01:20:30]} {[%emt
00:00:10]} Bf5 {[%clk 01:03:17]} {[%emt 00:00:07]} 15. Nc3 {[%clk 01:15:52]}
{[%emt 00:05:07]} O-O-O {[%clk 01:01:57]} {[%emt 00:01:50]} 16. Nc4 {[%clk
01:11:24]} {[%emt 00:04:57]} Kc7 {[%clk 01:02:10]} {[%emt 00:00:17]} 17. Nd6
{[%clk 01:05:33]} {[%emt 00:06:21]} Bg6 {[%clk 01:00:42]} {[%emt 00:01:59]} 18.
O-O-O {[%clk 00:57:07]} {[%emt 00:08:56]} b6 {[%clk 00:54:28]} {[%emt
00:06:44]} 19. b4 {[%clk 00:56:43]} {[%emt 00:00:54]} bxc5 {[%clk 00:53:05]}
{[%emt 00:01:53]} 20. bxc5 {[%clk 00:56:18]} {[%emt 00:00:55]} Nd7 {[%clk
00:53:02]} {[%emt 00:00:34]} 21. Ncxe4 {[%clk 00:48:32]} {[%emt 00:08:15]} f5
{[%clk 00:51:56]} {[%emt 00:01:35]} 22. Ng3 {[%clk 00:48:26]} {[%emt 00:00:37]}
Nxc5 {[%clk 00:50:49]} {[%emt 00:01:38]} 23. Ngxf5 {[%clk 00:37:55]} {[%emt
00:11:00]} Nd3+ {[%clk 00:47:35]} {[%emt 00:03:44]} 24. Rxd3 {[%clk 00:33:58]}
{[%emt 00:04:27]} Bxf5 {[%clk 00:48:00]} {[%emt 00:00:06]} 25. Nxf5 {[%clk
00:12:46]} {[%emt 00:21:41]} Rxd3 {[%clk 00:48:19]} {[%emt 00:00:11]} 26. Nxg7
{[%clk 00:11:15]} {[%emt 00:02:00]} Rb8 {[%clk 00:44:49]} {[%emt 00:04:01]} 27.
Rd1 {[%clk 00:07:58]} {[%emt 00:03:47]} Rb1+ {[%clk 00:44:19]} {[%emt
00:01:01]} 28. Kxb1 {[%clk 00:08:22]} {[%emt 00:00:06]} Rxd1+ {[%clk 00:44:45]}
{[%emt 00:00:03]} 29. Kc2 {[%clk 00:08:42]} {[%emt 00:00:09]} Rf1 {[%clk
00:45:10]} {[%emt 00:00:06]} 30. f4 {[%clk 00:08:02]} {[%emt 00:01:11]} Rf2+
{[%clk 00:45:34]} {[%emt 00:00:06]} 31. Kd3 {[%clk 00:08:28]} {[%emt 00:00:04]}
Rxg2 {[%clk 00:45:49]} {[%emt 00:00:14]} 32. Nf5 {[%clk 00:08:21]} {[%emt
00:00:37]} Rxh2 {[%clk 00:46:06]} {[%emt 00:00:13]} 33. e4 {[%clk 00:08:20]}
{[%emt 00:00:31]} h5 {[%clk 00:44:56]} {[%emt 00:01:40]} 34. e5 {[%clk
00:06:37]} {[%emt 00:02:14]} h4 {[%clk 00:45:09]} {[%emt 00:00:16]} 35. e6
{[%clk 00:06:56]} {[%emt 00:00:11]} h3 {[%clk 00:45:18]} {[%emt 00:00:20]} 36.
Ng3 {[%clk 00:04:27]} {[%emt 00:02:59]} Rg2 {[%clk 00:45:19]} {[%emt 00:00:29]}
37. Nh1 {[%clk 00:04:48]} {[%emt 00:00:09]} h2 {[%clk 00:45:39]} {[%emt
00:00:11]} 38. f5 {[%clk 00:05:13]} {[%emt 00:00:06]} Kd6 {[%clk 00:45:49]}
{[%emt 00:00:19]} 39. Ke3 {[%clk 00:05:33]} {[%emt 00:00:10]} Rg1 {[%clk
00:46:12]} {[%emt 00:00:07]} 40. Kf2 {[%clk 00:05:46]} {[%emt 00:00:16]} Rxh1
{[%clk 00:46:25]} {[%emt 00:00:18]} 0-1

[Event "DVM U20 2021"]
[Site "Kiel GER"]
[Date "2022.07.26"]
[Round "7"]
[White "Woelk, Tom-Frederic"]
[Black "Fidlin, Simon"]
[Result "1-0"]
[Termination "normal"]
[Board "2.2"]
[WhiteTitle "FM"]
[WhiteElo "2314"]
[BlackElo "2013"]
[WhiteClock "00:23:41"]
[BlackClock "00:31:46"]
[WhiteTeam "Hamburger SK von 1830 eV"]
[BlackTeam "Karlsruher SF 1853"]
[PlyCount "59"]
[WhiteFideId "12993077"]
[BlackFideId "16217535"]
[EventCountry "GER"]
[EventRounds "7"]
[EventType "team-swiss"]
[EventDate "2022.07.22"]

1. e4 {[%clk 01:30:57]} {[%emt 00:00:03]} c5 {[%clk 01:30:45]} {[%emt
00:00:16]} 2. Nf3 {[%clk 01:31:21]} {[%emt 00:00:07]} d6 {[%clk 01:31:09]}
{[%emt 00:00:05]} 3. d4 {[%clk 01:31:46]} {[%emt 00:00:05]} cxd4 {[%clk
01:31:33]} {[%emt 00:00:06]} 4. Nxd4 {[%clk 01:32:13]} {[%emt 00:00:03]} Nf6
{[%clk 01:31:54]} {[%emt 00:00:10]} 5. Nc3 {[%clk 01:32:40]} {[%emt 00:00:02]}
a6 {[%clk 01:32:17]} {[%emt 00:00:07]} 6. Bg5 {[%clk 01:33:07]} {[%emt
00:00:04]} e6 {[%clk 01:32:24]} {[%emt 00:00:23]} 7. f4 {[%clk 01:32:39]}
{[%emt 00:00:59]} h6 {[%clk 01:32:36]} {[%emt 00:00:17]} 8. Bh4 {[%clk
01:33:06]} {[%emt 00:00:03]} Qb6 {[%clk 01:32:57]} {[%emt 00:00:08]} 9. a3
{[%clk 01:33:33]} {[%emt 00:00:03]} Be7 {[%clk 01:32:58]} {[%emt 00:00:29]} 10.
Bf2 {[%clk 01:33:59]} {[%emt 00:00:04]} Qc7 {[%clk 01:33:21]} {[%emt 00:00:07]}
11. Qf3 {[%clk 01:34:25]} {[%emt 00:00:05]} Nbd7 {[%clk 01:33:15]} {[%emt
00:00:35]} 12. O-O-O {[%clk 01:34:40]} {[%emt 00:00:16]} b5 {[%clk 01:33:29]}
{[%emt 00:00:15]} 13. g4 {[%clk 01:35:05]} {[%emt 00:00:06]} g5 {[%clk
01:33:54]} {[%emt 00:00:05]} 14. h4 {[%clk 01:35:31]} {[%emt 00:00:04]} gxf4
{[%clk 01:34:19]} {[%emt 00:00:04]} 15. Be2 {[%clk 01:35:58]} {[%emt 00:00:03]}
Ne5 {[%clk 01:33:45]} {[%emt 00:01:03]} 16. Qxf4 {[%clk 01:17:17]} {[%emt
00:19:11]} Nexg4 {[%clk 01:33:31]} {[%emt 00:00:44]} 17. Bxg4 {[%clk 01:10:11]}
{[%emt 00:07:36]} e5 {[%clk 01:33:47]} {[%emt 00:00:14]} 18. Nd5 {[%clk
00:46:24]} {[%emt 00:24:19]} Nxd5 {[%clk 01:33:05]} {[%emt 00:01:11]} 19. Qf3
{[%clk 00:46:07]} {[%emt 00:00:46]} Bxg4 {[%clk 01:30:29]} {[%emt 00:03:07]}
20. Qxg4 {[%clk 00:46:31]} {[%emt 00:00:06]} Nf6 {[%clk 01:29:10]} {[%emt
00:01:48]} 21. Qf3 {[%clk 00:45:05]} {[%emt 00:01:57]} Rc8 {[%clk 01:19:26]}
{[%emt 00:10:14]} 22. c3 {[%clk 00:40:20]} {[%emt 00:05:15]} Qc4 {[%clk
01:13:31]} {[%emt 00:06:25]} 23. Nf5 {[%clk 00:35:10]} {[%emt 00:05:40]} Nxe4
{[%clk 01:07:45]} {[%emt 00:06:16]} 24. Rd4 {[%clk 00:34:42]} {[%emt 00:00:59]}
exd4 {[%clk 00:48:55]} {[%emt 00:19:20]} 25. Qxe4 {[%clk 00:35:05]} {[%emt
00:00:06]} Qc7 {[%clk 00:49:18]} {[%emt 00:00:08]} 26. Bxd4 {[%clk 00:33:13]}
{[%emt 00:02:22]} d5 {[%clk 00:47:43]} {[%emt 00:02:04]} 27. Qe3 {[%clk
00:31:51]} {[%emt 00:01:52]} Rg8 {[%clk 00:43:16]} {[%emt 00:04:58]} 28. Re1
{[%clk 00:23:31]} {[%emt 00:08:49]} Rg4 {[%clk 00:32:48]} {[%emt 00:10:58]} 29.
Nxe7 {[%clk 00:23:19]} {[%emt 00:00:42]} Re4 {[%clk 00:31:46]} {[%emt
00:01:32]} 30. Nxd5 {[%clk 00:23:41]} {[%emt 00:00:08]} 1-0

[Event "DVM U20 2021"]
[Site "Kiel GER"]
[Date "2022.07.26"]
[Round "7"]
[White "Koll, Linus"]
[Black "Holinka, Henning"]
[Result "1-0"]
[Termination "normal"]
[Board "2.3"]
[WhiteElo "2033"]
[BlackElo "2251"]
[WhiteClock "00:35:47"]
[BlackClock "00:25:20"]
[WhiteTeam "Karlsruher SF 1853"]
[BlackTeam "Hamburger SK von 1830 eV"]
[PlyCount "91"]
[WhiteFideId "12990299"]
[BlackFideId "12967084"]
[EventCountry "GER"]
[EventRounds "7"]
[EventType "team-swiss"]
[EventDate "2022.07.22"]

1. e4 {[%clk 01:30:59]} {[%emt 00:00:01]} c5 {[%clk 01:30:56]} {[%emt
00:00:04]} 2. Nf3 {[%clk 01:31:25]} {[%emt 00:00:03]} d6 {[%clk 01:31:21]}
{[%emt 00:00:05]} 3. d4 {[%clk 01:30:59]} {[%emt 00:00:56]} cxd4 {[%clk
01:31:45]} {[%emt 00:00:06]} 4. Nxd4 {[%clk 01:31:26]} {[%emt 00:00:03]} Nf6
{[%clk 01:32:08]} {[%emt 00:00:07]} 5. Nc3 {[%clk 01:31:53]} {[%emt 00:00:04]}
a6 {[%clk 01:32:33]} {[%emt 00:00:04]} 6. h3 {[%clk 01:31:51]} {[%emt
00:00:32]} e5 {[%clk 01:32:40]} {[%emt 00:00:23]} 7. Nb3 {[%clk 01:30:50]}
{[%emt 00:01:31]} Be7 {[%clk 01:32:40]} {[%emt 00:00:29]} 8. Be3 {[%clk
01:19:41]} {[%emt 00:11:40]} h6 {[%clk 01:30:19]} {[%emt 00:02:51]} 9. Qd2
{[%clk 01:18:19]} {[%emt 00:01:52]} Nbd7 {[%clk 01:27:12]} {[%emt 00:03:36]}
10. a4 {[%clk 01:12:59]} {[%emt 00:05:51]} Qc7 {[%clk 01:24:25]} {[%emt
00:03:16]} 11. a5 {[%clk 01:01:30]} {[%emt 00:11:59]} Nc5 {[%clk 01:23:20]}
{[%emt 00:01:35]} 12. Nxc5 {[%clk 00:59:40]} {[%emt 00:02:20]} dxc5 {[%clk
01:23:41]} {[%emt 00:00:08]} 13. Bc4 {[%clk 00:56:04]} {[%emt 00:04:07]} Bd7
{[%clk 01:18:01]} {[%emt 00:06:09]} 14. Nd5 {[%clk 00:46:17]} {[%emt 00:10:18]}
Nxd5 {[%clk 01:17:10]} {[%emt 00:01:21]} 15. Bxd5 {[%clk 00:46:40]} {[%emt
00:00:07]} O-O {[%clk 01:08:09]} {[%emt 00:09:30]} 16. Bxh6 {[%emt 00:23:05]}
gxh6 {[%clk 00:49:41]} {[%emt 00:10:20]} 17. Qxh6 {[%clk 00:33:07]} {[%emt
00:00:05]} Qd6 {[%clk 00:48:25]} {[%emt 00:01:46]} 18. Qh5 {[%clk 00:32:24]}
{[%emt 00:01:13]} Kg7 {[%clk 00:46:16]} {[%emt 00:02:38]} 19. Ra3 {[%clk
00:31:04]} {[%emt 00:01:52]} Qh6 {[%clk 00:45:17]} {[%emt 00:01:28]} 20. Qxe5+
{[%clk 00:25:07]} {[%emt 00:06:28]} Bf6 {[%clk 00:44:32]} {[%emt 00:01:15]} 21.
Qg3+ {[%clk 00:19:00]} {[%emt 00:06:37]} Kh7 {[%clk 00:39:24]} {[%emt
00:05:38]} 22. Qe3 {[%clk 00:17:12]} {[%emt 00:02:18]} Bxb2 {[%clk 00:33:01]}
{[%emt 00:06:53]} 23. Qxh6+ {[%clk 00:16:28]} {[%emt 00:01:14]} Kxh6 {[%clk
00:33:25]} {[%emt 00:00:06]} 24. Rb3 {[%clk 00:16:13]} {[%emt 00:00:45]} Bd4
{[%clk 00:32:51]} {[%emt 00:01:03]} 25. c4 {[%clk 00:10:59]} {[%emt 00:05:45]}
Rab8 {[%clk 00:28:16]} {[%emt 00:05:04]} 26. f4 {[%clk 00:10:26]} {[%emt
00:01:03]} Bc6 {[%clk 00:20:41]} {[%emt 00:08:05]} 27. Ke2 {[%clk 00:08:53]}
{[%emt 00:02:02]} Bxd5 {[%clk 00:17:46]} {[%emt 00:03:26]} 28. exd5 {[%clk
00:08:36]} {[%emt 00:00:47]} b5 {[%clk 00:16:55]} {[%emt 00:01:20]} 29. axb6
{[%clk 00:08:09]} {[%emt 00:00:58]} Rb7 {[%clk 00:16:29]} {[%emt 00:00:56]} 30.
Rd1 {[%clk 00:06:02]} {[%emt 00:02:36]} Rc8 {[%clk 00:14:08]} {[%emt 00:02:51]}
31. Rxd4 {[%clk 00:05:25]} {[%emt 00:01:08]} cxd4 {[%clk 00:13:42]} {[%emt
00:00:55]} 32. Kd3 {[%clk 00:05:51]} {[%emt 00:00:05]} a5 {[%clk 00:05:52]}
{[%emt 00:08:20]} 33. Rb5 {[%clk 00:06:09]} {[%emt 00:00:12]} a4 {[%clk
00:05:33]} {[%emt 00:00:49]} 34. c5 {[%clk 00:06:34]} {[%emt 00:00:05]} a3
{[%clk 00:03:56]} {[%emt 00:02:06]} 35. c6 {[%clk 00:06:45]} {[%emt 00:00:18]}
a2 {[%clk 00:03:46]} {[%emt 00:00:40]} 36. Ra5 {[%clk 00:05:04]} {[%emt
00:02:11]} Rxb6 {[%clk 00:04:00]} {[%emt 00:00:16]} 37. Rxa2 {[%clk 00:04:49]}
{[%emt 00:00:45]} Rb4 {[%clk 00:01:46]} {[%emt 00:02:43]} 38. Rc2 {[%clk
00:04:35]} {[%emt 00:00:43]} Ra8 {[%clk 00:00:54]} {[%emt 00:01:24]} 39. c7
{[%clk 00:03:58]} {[%emt 00:01:07]} Ra3+ {[%clk 00:00:50]} {[%emt 00:00:34]}
40. Kd2 {[%clk 00:04:04]} {[%emt 00:00:24]} d3 {[%clk 00:00:45]} {[%emt
00:00:35]} 41. c8=Q {[%clk 00:04:10]} {[%emt 00:00:24]} dxc2 {[%clk 00:25:15]}
{[%emt 00:06:00]} 42. Qf8+ {[%clk 00:34:21]} {[%emt 00:00:18]} Kg6 {[%clk
00:25:37]} {[%emt 00:00:07]} 43. Qxb4 {[%clk 00:34:41]} {[%emt 00:00:11]} Rd3+
{[%clk 00:24:39]} {[%emt 00:01:28]} 44. Kxc2 {[%clk 00:34:56]} {[%emt
00:00:15]} Rxd5 {[%clk 00:25:02]} {[%emt 00:00:07]} 45. Qe4+ {[%clk 00:35:22]}
{[%emt 00:00:05]} Kh5 {[%clk 00:25:20]} {[%emt 00:00:12]} 46. Qxd5+ {[%clk
00:35:47]} {[%emt 00:00:04]} 1-0

[Event "DVM U20 2021"]
[Site "Kiel GER"]
[Date "2022.07.26"]
[Round "7"]
[White "Kotyk, Michael"]
[Black "Wegmer, Leon"]
[Result "1-0"]
[Termination "normal"]
[Board "2.4"]
[WhiteElo "2112"]
[BlackElo "1912"]
[WhiteClock "00:29:29"]
[BlackClock "00:31:05"]
[WhiteTeam "Hamburger SK von 1830 eV"]
[BlackTeam "Karlsruher SF 1853"]
[PlyCount "119"]
[WhiteFideId "16214501"]
[BlackFideId "12983748"]
[EventCountry "GER"]
[EventRounds "7"]
[EventType "team-swiss"]
[EventDate "2022.07.22"]

1. d4 {[%clk 01:30:57]} {[%emt 00:00:02]} Nf6 {[%clk 01:30:59]} {[%emt
00:00:02]} 2. c4 {[%clk 01:31:20]} {[%emt 00:00:07]} g6 {[%clk 01:31:28]}
{[%emt 00:00:02]} 3. h4 {[%clk 01:30:35]} {[%emt 00:01:16]} Bg7 {[%clk
01:30:42]} {[%emt 00:01:16]} 4. Nc3 {[%clk 01:28:27]} {[%emt 00:02:37]} O-O
{[%clk 01:30:05]} {[%emt 00:01:07]} 5. e4 {[%clk 01:28:51]} {[%emt 00:00:05]}
d6 {[%clk 01:30:16]} {[%emt 00:00:19]} 6. Be2 {[%clk 01:29:17]} {[%emt
00:00:04]} Nc6 {[%clk 01:30:15]} {[%emt 00:00:31]} 7. Be3 {[%clk 01:25:48]}
{[%emt 00:03:59]} Qe8 {[%clk 01:24:03]} {[%emt 00:06:43]} 8. h5 {[%clk
01:07:30]} {[%emt 00:18:48]} e5 {[%clk 01:20:59]} {[%emt 00:03:34]} 9. d5
{[%clk 01:07:47]} {[%emt 00:00:13]} Nd4 {[%clk 01:20:57]} {[%emt 00:00:32]} 10.
h6 {[%clk 01:05:55]} {[%emt 00:02:21]} Bh8 {[%clk 01:20:32]} {[%emt 00:00:57]}
11. Bf3 {[%clk 01:06:16]} {[%emt 00:00:09]} Nxf3+ {[%clk 01:19:37]} {[%emt
00:01:25]} 12. Qxf3 {[%clk 01:03:36]} {[%emt 00:03:10]} Ng4 {[%clk 01:16:52]}
{[%emt 00:03:15]} 13. Bd2 {[%clk 00:55:41]} {[%emt 00:08:25]} f5 {[%clk
01:14:24]} {[%emt 00:02:58]} 14. Qe2 {[%clk 00:55:41]} {[%emt 00:00:30]} Qf7
{[%clk 01:01:56]} {[%emt 00:12:57]} 15. f3 {[%clk 00:53:12]} {[%emt 00:02:59]}
Nf6 {[%clk 01:01:42]} {[%emt 00:00:44]} 16. O-O-O {[%clk 00:51:11]} {[%emt
00:02:30]} a6 {[%clk 00:56:06]} {[%emt 00:06:07]} 17. exf5 {[%clk 00:30:34]}
{[%emt 00:21:07]} Bxf5 {[%clk 00:56:22]} {[%emt 00:00:13]} 18. g4 {[%clk
00:30:10]} {[%emt 00:00:54]} Bc8 {[%emt 00:02:46]} 19. Nh3 {[%clk 00:29:40]} c6
{[%clk 00:46:56]} {[%emt 00:08:39]} 20. Ng5 {[%clk 00:29:03]} {[%emt 00:01:07]}
Qc7 {[%clk 00:46:19]} {[%emt 00:01:06]} 21. Kb1 {[%clk 00:29:19]} {[%emt
00:00:15]} Rb8 {[%clk 00:37:03]} {[%emt 00:09:45]} 22. Be3 {[%clk 00:26:29]}
{[%emt 00:03:20]} c5 {[%clk 00:34:01]} {[%emt 00:03:32]} 23. Ne6 {[%clk
00:24:09]} {[%emt 00:02:50]} Bxe6 {[%clk 00:32:24]} {[%emt 00:02:07]} 24. dxe6
{[%clk 00:24:21]} {[%emt 00:00:18]} Qe7 {[%clk 00:31:04]} {[%emt 00:01:51]} 25.
Qd3 {[%clk 00:17:31]} {[%emt 00:07:21]} Rfd8 {[%clk 00:28:20]} {[%emt
00:03:13]} 26. g5 {[%clk 00:15:27]} {[%emt 00:02:35]} Ne8 {[%clk 00:28:23]}
{[%emt 00:00:25]} 27. Rhf1 {[%clk 00:11:58]} {[%emt 00:03:59]} Qxe6 {[%clk
00:21:37]} {[%emt 00:07:16]} 28. Ne4 {[%clk 00:08:35]} {[%emt 00:03:53]} b5
{[%clk 00:19:50]} {[%emt 00:02:17]} 29. Qd5 {[%clk 00:06:08]} {[%emt 00:02:56]}
Nc7 {[%clk 00:11:08]} {[%emt 00:09:13]} 30. Qc6 {[%clk 00:06:06]} {[%emt
00:00:32]} Rbc8 {[%clk 00:05:25]} {[%emt 00:06:13]} 31. Rxd6 {[%clk 00:04:55]}
{[%emt 00:01:40]} Rxd6 {[%clk 00:05:21]} {[%emt 00:00:35]} 32. Nxd6 {[%clk
00:03:31]} {[%emt 00:01:55]} Rd8 {[%clk 00:03:11]} {[%emt 00:02:40]} 33. Qxc7
{[%clk 00:03:13]} {[%emt 00:00:48]} Qxd6 {[%clk 00:03:25]} {[%emt 00:00:16]}
34. Qxd6 {[%clk 00:03:24]} {[%emt 00:00:19]} Rxd6 {[%clk 00:03:51]} {[%emt
00:00:03]} 35. cxb5 {[%clk 00:03:45]} {[%emt 00:00:09]} axb5 {[%clk 00:04:06]}
{[%emt 00:00:16]} 36. Bxc5 {[%clk 00:03:46]} {[%emt 00:00:29]} Rd2 {[%clk
00:02:26]} {[%emt 00:02:07]} 37. Rf2 {[%clk 00:03:25]} {[%emt 00:00:52]} Rd5
{[%clk 00:01:12]} {[%emt 00:01:45]} 38. Be3 {[%clk 00:03:35]} {[%emt 00:00:21]}
Rd3 {[%clk 00:00:53]} {[%emt 00:00:48]} 39. Re2 {[%clk 00:02:28]} {[%emt
00:01:36]} Kf7 {[%clk 00:00:56]} {[%emt 00:00:27]} 40. Kc2 {[%clk 00:02:49]}
{[%emt 00:00:09]} Rd5 {[%clk 00:00:42]} {[%emt 00:00:43]} 41. Rd2 {[%clk
00:01:18]} {[%emt 00:02:02]} Ke6 {[%clk 00:29:39]} {[%emt 00:01:34]} 42. Rxd5
{[%clk 00:30:54]} {[%emt 00:00:54]} Kxd5 {[%clk 00:30:07]} {[%emt 00:00:02]}
43. Kd3 {[%clk 00:31:14]} {[%emt 00:00:09]} Kc6 {[%clk 00:26:45]} {[%emt
00:03:53]} 44. Ke4 {[%clk 00:31:15]} {[%emt 00:00:28]} Kd6 {[%clk 00:26:26]}
{[%emt 00:00:49]} 45. Bd2 {[%clk 00:31:13]} {[%emt 00:00:31]} Kc5 {[%emt
00:00:34]} 46. Bc3 {[%clk 00:30:26]} {[%emt 00:01:16]} Kc4 {[%clk 00:26:51]}
{[%emt 00:00:03]} 47. Bxe5 {[%clk 00:29:59]} {[%emt 00:00:57]} Bxe5 {[%clk
00:27:18]} {[%emt 00:00:04]} 48. Kxe5 {[%clk 00:30:26]} {[%emt 00:00:03]} Kd3
{[%clk 00:27:43]} {[%emt 00:00:04]} 49. f4 {[%clk 00:29:59]} {[%emt 00:00:56]}
Kc2 {[%clk 00:28:10]} {[%emt 00:00:04]} 50. b4 {[%clk 00:30:13]} {[%emt
00:00:16]} Kc3 {[%clk 00:28:18]} {[%emt 00:00:22]} 51. a3 {[%clk 00:30:06]}
{[%emt 00:00:37]} Kb3 {[%clk 00:28:44]} {[%emt 00:00:04]} 52. f5 {[%clk
00:29:50]} {[%emt 00:00:46]} gxf5 {[%clk 00:29:10]} {[%emt 00:00:04]} 53. g6
{[%clk 00:30:08]} {[%emt 00:00:12]} hxg6 {[%clk 00:29:37]} {[%emt 00:00:04]}
54. h7 {[%clk 00:30:33]} {[%emt 00:00:04]} Kxa3 {[%clk 00:30:04]} {[%emt
00:00:03]} 55. h8=Q {[%clk 00:30:53]} {[%emt 00:00:10]} Kxb4 {[%clk 00:30:32]}
{[%emt 00:00:03]} 56. Qh1 {[%clk 00:30:25]} {[%emt 00:00:57]} Ka3 {[%clk
00:30:21]} {[%emt 00:00:41]} 57. Qb1 {[%clk 00:30:19]} {[%emt 00:00:37]} b4
{[%clk 00:30:40]} {[%emt 00:00:10]} 58. Kd4 {[%clk 00:30:40]} {[%emt 00:00:09]}
f4 {[%clk 00:30:47]} {[%emt 00:00:24]} 59. Kc4 {[%clk 00:30:53]} {[%emt
00:00:17]} f3 {[%clk 00:31:05]} {[%emt 00:00:12]} 60. Qb3# {[%clk 00:29:29]}
{[%emt 00:00:15]} 1-0